[Event "IV Copa Marcel Duchamp 2020"]
[Site "Montevideo"]
[Date "2020.02.14"]
[Round "8.15"]
[White "Brizzi, Milagros Tatiana"]
[Black "Soto, Nicolas"]
[Result "1-0"]
[WhiteElo "2022"]
[BlackElo "2002"]
[Annotator "TA"]
[PlyCount "47"]
[EventDate "2020.02.08"]
[EventType "swiss"]
[EventCountry "URU"]
[SourceTitle "playchess.com"]
[Source "ChessBase"]
[SourceQuality "1"]

{[%evp 15,47,-23,-7,-25,0,-8,-9,-7,0,-18,0,0,16,0,13,0,11,45,173,182,166,8,617,621,631,369,624,623,1061,992,29992,29993,29993,29990]} 1. e4 e6 2. d3 d5 3. Nd2 c5 4. Ngf3 Nc6 5. g3 Bd6 6. Bg2 Nge7 7. O-O O-O 8. Nh4 f6 {8...b5 is a critical line.} 9. f4 {A08: King's Indian Attack.} d4 {[#]} 10. a3 $146 ({Predecessor:} 10. Kh1 Rb8 11. Ndf3 e5 12. Rg1 Qc7 13. f5 Kh8 14. g4 Bd7 15. g5 Ng8 16. Qe1 {1-0 (23) Stets,D (2398)-Jaksland,T (2205) Rochefort 2018}) 10... Bd7 11. Qe1 {The position is equal.} e5 12. f5 b5 13. g4 Na5 14. Rf3 c4 15. Rh3 cxd3 16. cxd3 b4 (16... Qc7 $14) 17. Nhf3 $1 $18 h6 {[#]} 18. Qh4 $1 {And now axb4 would win.} Rc8 $2 {[%mdl 8192] [#]} (18... bxa3 $11 19. b3 Kf7) 19. Nc4 $1 Nxc4 20. dxc4 {aiming for Bxh6!} Rf7 $2 {[#]} (20... Qe8 21. Bxh6 Ng6 22. fxg6 Qxg6) 21. Bxh6 $1 {[%mdl 512]} Nxf5 (21... gxh6 22. Qxh6) 22. exf5 {Intending Bxg7! and mate.} gxh6 23. Qxh6 {[%csl Gh3][%cal Rh6h8]} Rg7 {[#]} 24. Qh8+ {Played: Nf3-g5} 1-0

[Event "IV Copa Marcel Duchamp 2020"]
[Site "Montevideo"]
[Date "2020.02.14"]
[Round "8.16"]
[White "Vitoux, Colomban"]
[Black "Siddeley, Hugh"]
[Result "1-0"]
[WhiteElo "2377"]
[BlackElo "1974"]
[Annotator "TA"]
[PlyCount "69"]
[EventDate "2020.02.08"]
[EventType "swiss"]
[EventCountry "URU"]
[SourceTitle "playchess.com"]
[Source "ChessBase"]
[SourceQuality "1"]

{[%evp 14,69,48,37,55,44,66,72,71,56,70,79,101,64,79,76,87,70,76,82,81,61,57,62,62,56,62,63,68,68,57,42,42,43,56,44,52,27,39,25,25,25,33,0,33,33,33,0,339,339,770,759,737,676,870,850,771,766]} 1. d4 Nf6 2. Nf3 d5 3. c4 e6 4. g3 Be7 5. Bg2 O-O 6. O-O dxc4 7. Nbd2 {[%cal Bb1d2,Bd2c4,Bc4e5][%mdl 32]} c5 8. Nxc4 Nc6 {[%cal Rc5d4] E05: Open Catalan: 5 Nf3 Be7.} 9. dxc5 Qxd1 10. Rxd1 Bxc5 {White is better.} 11. Nfe5 Nxe5 12. Nxe5 a5 {[#]} 13. Be3 $146 ({Predecessor:} 13. Bf4 Ra6 14. Rac1 b6 15. Nd3 Be7 16. Rc7 Nd7 17. Ne5 Nxe5 18. Rxe7 Ng6 19. Rc7 {1-0 (26) Mikenas,V-Tylor,T Hastings White Rock Pavilion 1937}) 13... Bxe3 14. fxe3 Nd5 15. Bxd5 exd5 16. Rxd5 Be6 17. Rd2 Rfd8 18. Rxd8+ Rxd8 $14 {[%mdl 4096] Endgame KRB-KRN} 19. Nf3 a4 20. a3 Rd6 21. Rc1 h6 22. Nd4 Rb6 23. Rc2 Bd5 24. Kf2 g6 25. Ke1 Kg7 26. h4 Kf6 27. Rc5 Ke5 28. Nb5 {[#] aiming for Nc3.} Ke6 29. Nc7+ Kd6 30. Nxd5 Rxb2 $2 {[%mdl 8192]} (30... Kxc5 $11 31. Nxb6 Kxb6) 31. Nc3 $18 Kxc5 $2 (31... Rb3 32. Ne4+ (32. Nxa4 b5 $16) 32... Ke6) 32. Nxa4+ {[%mdl 64] [#] Double Attack. White is clearly winning.} Kc4 33. Nxb2+ Kb3 34. Nd3 Kxa3 35. Kd2 {Accuracy: White = 79%, Black = 81%.} 1-0

[Event "IV Copa Marcel Duchamp 2020"]
[Site "Montevideo"]
[Date "2020.02.14"]
[Round "8.17"]
[White "Carbone, Diego"]
[Black "Dotta, Gian Franco"]
[Result "1/2-1/2"]
[WhiteElo "2239"]
[BlackElo "2000"]
[Annotator "TA"]
[PlyCount "62"]
[EventDate "2020.02.08"]
[EventType "swiss"]
[EventCountry "URU"]
[SourceTitle "playchess.com"]
[Source "ChessBase"]
[SourceQuality "1"]

{[%evp 22,62,46,33,68,67,76,40,46,44,27,12,15,3,12,3,5,6,14,43,292,282,259,231,844,416,640,-39,-37,-346,0,-22,-16,-30,-31,-22,0,0,0,0,0,0,0]} 1. d4 Nf6 2. c4 g6 3. g3 Bg7 4. Bg2 O-O 5. Nc3 d6 6. Nf3 Nbd7 7. O-O e5 8. e4 h6 9. h3 Nh7 10. Be3 Ng5 11. Nxg5 hxg5 12. Rc1 exd4 {E68: King's Indian: Fianchetto: 6...Nbd7 7 0-0 e5 8 e4.} (12... a6 13. b3 exd4 14. Bxd4 Ne5 15. f4 gxf4 16. gxf4 Nc6 17. Bxg7 Kxg7 18. Nd5 Be6 19. f5 Bxd5 20. f6+ {1-0 (40) Carbone,D (2186)-Dotta,G (1862) Montevideo 2017}) 13. Bxd4 Ne5 {[#]} 14. f4 $146 ({Predecessor:} 14. b3 c5 15. Be3 a6 16. g4 Be6 17. Qd2 Bf6 18. Rcd1 Nc6 19. Ne2 Rc8 20. e5 dxe5 21. Bxc5 Qxd2 22. Rxd2 {½-½ (46) Kolev,A (2500)-Grivas,E (2505) Ankara 1993}) 14... gxf4 {White is slightly better.} 15. gxf4 c5 16. Bxe5 dxe5 17. f5 Bh6 18. Nd5 Bxc1 19. Qxc1 Qh4 20. Qc3 $1 {[%cal Rc3e5]} Kg7 $2 (20... Be6 $1 $14) 21. Qxe5+ $18 f6 22. Qd6 {Hoping for fxg6.} b6 $2 (22... gxf5 23. Rf3 (23. Qxc5 Bd7 $14) (23. exf5 Qd4+ {[%mdl 64] Double Attack} 24. Kh1 Qe5 $16) 23... Qh6) 23. Qc6 (23. fxg6 $142 {Qe7+ is the strong threat.} Bxh3 24. Bxh3 Qg5+ 25. Kh1) 23... Ba6 (23... a5 $142 24. Qxa8 Bxf5) 24. Nc7 $2 (24. fxg6 $18 {Threatening mate with Qd7+.} Bxc4 25. Qd7+ Kxg6 26. Rf4) 24... Bxc4 $15 {[%mdl 64] [#] Double Attack} 25. Qb7 $2 {[%mdl 8192]} (25. Nxa8 $15 Bxf1 26. Kxf1) 25... Rf7 $2 ({Black should try} 25... Kh6 $19 26. Ne6 Rg8 27. fxg6 Bxe6 28. Qh7+ Kg5) 26. Qxa8 Rxc7 27. Qd8 Qg3 28. Rd1 Be2 {The position is equal.} 29. Rd7+ Rxd7 30. Qxd7+ {[%mdl 64] [#] Double Attack} Kf8 31. fxg6 {[%csl Gg6][%cal Rd7f7]} Qe3+ {Accuracy: White = 56%, Black = 50%.} 1/2-1/2

[Event "IV Copa Marcel Duchamp 2020"]
[Site "Montevideo"]
[Date "2020.02.14"]
[Round "8.18"]
[White "Muniz, Rafael"]
[Black "Pinero, Ismael"]
[Result "1-0"]
[WhiteElo "2232"]
[BlackElo "1914"]
[Annotator "RC"]
[PlyCount "85"]
[EventDate "2020.02.08"]
[EventType "swiss"]
[EventCountry "URU"]
[SourceTitle "playchess.com"]
[Source "ChessBase"]
[SourceQuality "1"]
[TimeControl "5400+30"]

1. d4 {[%emt 0:00:00]} Nf6 {[%emt 0:01:23]} 2. Nc3 {[%emt 0:01:14]} d5 3. Bf4 {[%emt 0:01:20]} c6 {[%emt 0:03:22]} 4. Qd2 {[%emt 0:00:43]} Bf5 {[%emt 0:00:17]} 5. f3 {[%emt 0:00:30]} e6 {[%emt 0:00:31]} 6. g4 {[%emt 0:01:10]} Bg6 {[%emt 0:00:29]} 7. h4 {[%emt 0:00:19]} h5 {[%emt 0:01:48]} 8. g5 {[%emt 0:00:56]} Nh7 {[%emt 0:05:54]} 9. e3 {[%emt 0:00:52]} Bd6 {[%emt 0:00:23]} 10. Bd3 {[%emt 0:03:03]} Nf8 {[%emt 0:01:35]} 11. e4 {[%emt 0:04:45]} Qc7 {[%emt 0:04:02]} 12. Nge2 {[%emt 0:01:03]} Nbd7 {[%emt 0:04:50]} 13. O-O-O {[%emt 0:07:59]} O-O-O 14. Kb1 Kb8 {[%emt 0:09:34]} 15. Qe3 {[%emt 0:10:08]} a6 {[%emt 0:04:56]} 16. Bxd6 {[%emt 0:06:17]} Qxd6 {[%emt 0:00:07]} 17. Nf4 {[%emt 0:00:41]} Qc7 {[%emt 0:03:54]} 18. Nxg6 {[%emt 0:01:57]} Nxg6 {[%emt 0:01:39]} 19. exd5 {[%emt 0:00:25]} exd5 {[%emt 0:00:23]} 20. Bxg6 {[%emt 0:00:32]} fxg6 {[%emt 0:02:11]} 21. Qe7 {[%emt 0:04:51]} Nb6 {[%emt 0:00:17]} 22. Rhe1 {[%emt 0:03:52]} Rhe8 {[%emt 0:06:16]} 23. Qb4 {[%emt 0:03:47]} Ka8 {[%emt 0:09:58]} 24. a4 {[%emt 0:00:36]} Nc4 {[%emt 0:00:39]} 25. a5 {[%emt 0:05:57]} Nd2+ {[%emt 0:06:28]} 26. Ka2 {[%emt 0:00:43]} Nxf3 {[%emt 0:00:25]} 27. Rxe8 {[%emt 0:00:33]} Rxe8 {[%emt 0:00:13]} 28. Na4 {[%emt 0:00:31]} Nxh4 {[%emt 0:01:31]} 29. Nb6+ {[%emt 0:02:01]} Kb8 {[%emt 0:00:10]} 30. Re1 {[%emt 0:02:21]} Qf7 {[%emt 0:02:25]} 31. Qd6+ {[%emt 0:06:56]} Ka7 {[%emt 0:00:01]} 32. Nd7 {[%emt 0:02:00]} Nf5 {[%emt 0:02:14]} 33. Qc7 {[%emt 0:00:23]} h4 {[%emt 0:06:01]} 34. Qb6+ {[%emt 0:02:17]} Ka8 {[%emt 0:00:09]} 35. Ne5 {[%emt 0:00:16]} Rxe5 {[%emt 0:03:22]} 36. Qd8+ {[%emt 0:02:02]} Ka7 {[%emt 0:00:29]} 37. Rxe5 {[%emt 0:00:28]} h3 {[%emt 0:04:02]} 38. Re8 {[%emt 0:00:38]} Qxe8 39. Qxe8 h2 {[%emt 0:01:08]} 40. Qh8 {[%emt 0:00:45]} Nh6 {[%emt 0:00:40]} 41. gxh6 {[%emt 0:00:08]} h1=Q 42. hxg7 {[%emt 0:00:35]} Qf1 {[%emt 0:04:51]} 43. g8=Q {[%emt 0:00:30]} 1-0

[Event "IV Copa Marcel Duchamp 2020"]
[Site "Montevideo"]
[Date "2020.02.14"]
[Round "8.19"]
[White "Shtemler, Lavi"]
[Black "Durante, Aurelio"]
[Result "1/2-1/2"]
[WhiteElo "2199"]
[BlackElo "1955"]
[Annotator "TA"]
[PlyCount "117"]
[EventDate "2020.02.08"]
[EventType "swiss"]
[EventCountry "URU"]
[SourceTitle "playchess.com"]
[Source "ChessBase"]
[SourceQuality "1"]

{[%evp 16,117,16,2,2,5,10,8,29,6,8,8,27,-4,-8,0,0,-2,26,7,5,-103,-6,-34,0,9,36,14,45,46,195,180,189,190,192,166,157,114,147,36,90,37,74,26,47,-18,0,-73,-65,-26,-10,-59,127,134,143,-58,-96,-95,-85,-84,-86,-70,-91,-202,-188,-293,-288,-247,-255,-482,-297,-281,-149,-160,-165,-161,-152,-210,-192,-621,-629,-601,-606,-500,-436,-733,-672,-526,-135,-412,-192,-198,-8,-8,-8,-4,0,0,0,-5,0,0,0,-6]} 1. e4 e5 2. Nf3 Nc6 3. Bb5 a6 4. Ba4 Nf6 5. O-O Be7 6. d3 b5 7. Bb3 O-O 8. Re1 d6 9. a3 Na5 {C88: Closed Ruy Lopez: Anti-Marshall Systems.} 10. Ba2 c5 11. Nc3 {[#]} h6 $146 ({Predecessor:} 11... Nc6 12. h3 h6 13. Nd5 Re8 14. Nxf6+ Bxf6 15. Bd5 Bd7 16. c3 Rc8 17. b4 Be6 {1-0 (55) Shankland,S (2705)-Ding,L (2811) chess.com INT 2019}) 12. Nd5 Nxd5 13. Bxd5 Bb7 14. b4 Bxd5 15. exd5 Nb7 16. c4 Bf6 17. Ra2 Re8 18. Bd2 (18. Nd2 $11 {remains equal.}) 18... Qd7 (18... bxc4 $17 19. Qc2 cxd3 20. Qxd3 Qd7) 19. h3 Qf5 20. Qe2 Re7 21. Nh2 Rae8 22. Nf1 g5 ({Better is} 22... Qg6 $14) 23. g4 $18 Qg6 {intending ...e4.} 24. Ng3 Rc7 25. Ne4 Be7 26. Bc3 Rec8 27. Nd2 (27. Ng3 $16) 27... Bf8 ({Black should play} 27... f5 $14) 28. Rb2 (28. Qf3 $16) 28... Bg7 29. Rc1 f5 30. Kg2 (30. gxf5 $14 Qxf5 31. Qe3) 30... Rf7 31. a4 (31. Rbb1 $11 {keeps the balance.}) 31... fxg4 32. hxg4 Rcf8 (32... bxa4 $6 33. Ne4 $16) 33. Ne4 $1 Rf4 $2 (33... bxc4 $15 {keeps the upper hand.} 34. dxc4 Rf4) 34. Bd2 $1 $16 ({But not} 34. cxb5 $6 c4 $11) (34. axb5 axb5 35. Bd2 (35. cxb5 c4 $19) 35... bxc4) 34... bxc4 35. Bxf4 $2 ({White has to play} 35. Rxc4 $16 cxb4 36. Rbxb4 (36. Rcxb4 Nc5 $14)) 35... exf4 $15 36. f3 cxd3 37. Qd2 Bxb2 38. Qxb2 Qg7 39. Qxg7+ (39. Qb1 $17) 39... Kxg7 $19 40. bxc5 (40. b5 $142) 40... Nxc5 41. Nxd6 $17 {[%mdl 4096] Endgame KRN-KRN} Rd8 ({Resist} 41... Nxa4 42. Rc7+ Kf6 43. Nc4 $17) 42. Nf5+ $2 (42. Ne4 Nxa4 43. d6) 42... Kf8 43. d6 Nb3 ({Not} 43... Nxa4 44. Kf2 $17) (43... d2 $1 $19 {[%cal Rd2c1]} 44. Rd1 Nb3) 44. Rc3 d2 45. Rd3 Ke8 $1 46. Kf2 (46. Ne7 $17) 46... Kd7 $19 47. Ne7 $2 (47. Nd4 Rb8 48. Nxb3 Rxb3 49. Rxd2) 47... Ke6 $1 48. Nf5 Rd7 49. Kg2 {[#]} h5 $1 {[%mdl 512]} 50. Kf2 (50. Kh3 $142) (50. gxh5 Kxf5) 50... Ke5 51. Nh6 {[#]} h4 $2 (51... hxg4 $1 $19 {White must now prevent ...g3+.} 52. Nxg4+ Ke6) 52. Kg2 $2 {[%mdl 8192] [#]} (52. Nf5 $17 {was forced.}) 52... Ke6 (52... h3+ $142 $1 {[%mdl 512]} 53. Kh1 (53. Kxh3 Rh7) 53... Nd4 54. Rxd2 Nxf3) 53. Nf5 Rh7 $2 (53... Rb7 $19 54. Ne7 Na5 55. Rxd2 Nc4 {[%mdl 64] Double Attack}) 54. Ne7 $1 $11 {Hoping for d7.The position is equal.} Rh8 {White should prevent ...Na5.} 55. Nc6 $1 {aiming for d7.} Kd7 56. Ne5+ Ke6 57. Nc6 $1 {Threatens to win with d7.} Kd7 58. Ne5+ Ke6 59. Nc6 $1 {Accuracy: White = 47%, Black = 55%.} 1/2-1/2

[Event "IV Copa Marcel Duchamp 2020"]
[Site "Montevideo"]
[Date "2020.02.14"]
[Round "8.20"]
[White "Benoit, Rodrigo"]
[Black "Meza, Anahi"]
[Result "1/2-1/2"]
[WhiteElo "2170"]
[BlackElo "2046"]
[Annotator "TA"]
[PlyCount "50"]
[EventDate "2020.02.08"]
[EventType "swiss"]
[EventCountry "URU"]
[SourceTitle "playchess.com"]
[Source "ChessBase"]
[SourceQuality "1"]

{[%evp 11,50,0,11,10,14,11,18,5,22,-12,-8,-4,0,-153,-9,-12,-14,-9,37,24,35,-21,-26,-17,-15,-10,3,-25,0,-69,-68,-56,-44,-127,-130,-189,-171,-190,-185,-182,-165]} 1. d4 Nf6 2. Nf3 g6 3. Bf4 Bg7 4. e3 d6 5. Be2 O-O 6. O-O c5 7. c3 {A48: 1 d4 Nf6 2 Nf3 g6: Torre, London and Colle Systems.} Qb6 8. Qc1 Nc6 9. Nbd2 {The position is equal.} Nh5 {[%cal Rc5d4]} 10. Bg5 h6 11. Bh4 g5 12. Ne1 $2 {[#]} (12. d5 $11) 12... gxh4 (12... cxd4 $17 13. Bxh5 dxc3 14. bxc3 gxh4) 13. Bxh5 $11 {[#]} cxd4 $146 ({Predecessor:} 13... h3 14. g3 Bf5 15. e4 Bd7 16. d5 Ne5 17. Nef3 Nxf3+ 18. Bxf3 Qd8 19. Qd1 Qc8 {1-0 (45) Parraga,A (2202)-Campero,R (2171) Sucre 2016}) 14. exd4 Be6 15. Bf3 {[#] Black must now prevent d5.} Bf5 16. Be4 (16. Nc4 $14 Qc7 17. Ne3) 16... Bxe4 17. Nxe4 f5 18. Nd2 h3 19. d5 hxg2 20. Kxg2 (20. Nxg2 $11 Ne5 21. Nf4) 20... Ne5 $36 {[%mdl 2048] Black fights for an advantage.} 21. Ndf3 Qc5 22. Nxe5 (22. Qd1 $1 $15) 22... dxe5 $17 23. c4 (23. Qd2 $17) 23... Rac8 $19 {Black is clearly better.} 24. b3 b5 25. Rb1 e4 {Accuracy: White = 56%, Black = 76%.} 1/2-1/2

[Event "IV Copa Marcel Duchamp 2020"]
[Site "Montevideo"]
[Date "2020.02.14"]
[Round "8.21"]
[White "Trois, Francisco R.T."]
[Black "Avedisian, Alexander"]
[Result "1/2-1/2"]
[WhiteElo "2141"]
[BlackElo "1892"]
[Annotator "TA"]
[PlyCount "84"]
[EventDate "2020.02.08"]
[EventType "swiss"]
[EventCountry "URU"]
[SourceTitle "playchess.com"]
[Source "ChessBase"]
[SourceQuality "1"]

{[%evp 12,84,7,12,1,0,5,14,35,39,41,6,6,6,6,5,10,-16,0,-4,7,-37,-40,-45,-41,-35,-30,-53,-16,-47,-14,-45,-38,-68,-7,-24,-19,-14,0,0,0,0,-8,-6,0,0,0,0,0,0,0,0,0,0,0,0,0,0,0,0,0,0,0,-4,0,0,0,0,0,0,3,1,11,2,11]} 1. d4 Nf6 2. Nf3 g6 3. Bg5 Bg7 4. Nbd2 c5 5. e3 d6 6. c3 O-O 7. Be2 cxd4 {A48: 1 d4 Nf6 2 Nf3 g6: Torre, London and Colle Systems.} 8. exd4 Nc6 9. O-O e5 10. dxe5 dxe5 11. Nc4 (11. Ne4 $5 {[%cal Rd1d8]} Qxd1 12. Nxf6+ Bxf6 13. Raxd1 $11 (13. Rfxd1 Kg7 $11)) 11... Qc7 12. Qd6 Ne8 13. Qxc7 Nxc7 {[#]} 14. a4 $146 ({Predecessor:} 14. Rfd1 Be6 15. Be3 h6 16. a4 Rfd8 17. Bc5 b6 18. Bd6 Ne8 19. Ba3 Rac8 20. Nfd2 {0-1 (47) Ning,C (2303)-Munguntuul,B (2436) China 2013}) 14... f6 15. Be3 Nd5 16. Bc5 Nf4 $36 {[%mdl 2048] Black fights for an advantage.} 17. Bd1 Rd8 18. Bb3 Be6 19. Rfd1 Nd3 20. Ba3 Bf7 21. Ne1 e4 22. Ba2 Bf8 (22... Nxe1 $15 23. Rxe1 f5) 23. Bxf8 $11 Kxf8 24. Nxd3 {The position is equal.} Rxd3 25. Rxd3 exd3 26. Ne3 Bxa2 27. Rxa2 {[%mdl 4096] Endgame KRN-KRN} f5 28. f4 Re8 29. Kf2 Re4 (29... d2 $5 30. Ra1 $8 Re4 $11) 30. g3 Na5 {[#] Hoping for ...Nb3.} (30... d2 $5 31. Ra1 $8 Na5 $11) 31. Ra1 Nb3 32. Rd1 Rxa4 33. Rxd3 Ra2 34. Nd1 $1 Nc5 35. Rd5 b6 36. Ke3 Ke7 37. Kd2 a5 38. Kc2 Ra1 39. b4 axb4 40. cxb4 Nd7 41. Kb2 Ra8 42. Nc3 Ke6 {Accuracy: White = 83%, Black = 89%.} 1/2-1/2

[Event "IV Copa Marcel Duchamp 2020"]
[Site "Montevideo"]
[Date "2020.02.14"]
[Round "8.22"]
[White "Curi, Gabriel"]
[Black "De Haro, Martim Afonso Palma"]
[Result "1-0"]
[WhiteElo "2132"]
[BlackElo "1788"]
[Annotator "TA"]
[PlyCount "55"]
[EventDate "2020.02.08"]
[EventType "swiss"]
[EventCountry "URU"]
[SourceTitle "playchess.com"]
[Source "ChessBase"]
[SourceQuality "1"]

{[%evp 14,74,31,25,29,20,22,9,10,11,53,31,31,-4,18,-25,71,42,72,74,113,118,180,135,231,175,210,88,96,101,105,102,102,68,149,141,161,143,145,106,262,83,498,311,471,406,645,642,745,719,720,721,799,660,897,889,889,889,1057,943,1368,1174,1232]} 1. e4 e5 2. Nf3 Nc6 3. Bb5 Nge7 4. O-O g6 5. c3 a6 6. Ba4 Bg7 7. d4 exd4 8. cxd4 b5 {C60: Ruy Lopez: Unusual Black 3rd moves and 3...g6.} 9. Bb3 O-O 10. Nc3 Na5 {The position is equal.} 11. Bc2 Bb7 12. Bg5 h6 13. Bh4 {[#]} Nc4 $146 ({Predecessor:} 13... d6 14. Re1 Nc4 15. Rb1 Re8 16. a4 b4 17. Ne2 c5 18. Nf4 cxd4 19. Bb3 Rc8 {1-0 (29) Sanjeev,K (2076)-Ziatdinov,R (2291) Mumbai 2017}) 14. b4 Nb6 (14... g5 $11 {keeps the balance.} 15. Bg3 d6) 15. Bb3 Qe8 16. Re1 Kh7 17. Rc1 f6 (17... Rc8 $16 {was necessary.}) 18. Qd3 Qd8 (18... d6 $16) 19. Bg3 {And now Nxb5! would win.} d6 20. Be6 (20. Ne2 $18 {and White stays clearly on top.}) 20... Bc8 $16 21. d5 Bxe6 22. dxe6 Nc4 23. a4 $36 {[%mdl 2048] White is pushing.} Nb2 (23... c6 $1 $14) 24. Qc2 Nxa4 25. Nxa4 bxa4 26. Qxc7 d5 $2 {[#]} (26... Rc8 $16 27. Qxd6 Qxd6 28. Bxd6 Rxc1 29. Rxc1 Re8) 27. exd5 $2 (27. Qb7 $1 $18 {is the precise move to win.} dxe4 28. Red1 (28. Qxe4 Qd5 $14)) 27... Nxd5 $2 {[%mdl 8192]} (27... Qxc7 $16 {is more resistant.} 28. Rxc7 Nxd5) 28. Qb7 {Played: e6-e7} 1-0

[Event "IV Copa Marcel Duchamp 2020"]
[Site "Montevideo"]
[Date "2020.02.14"]
[Round "8.23"]
[White "Torella, Rodolfo"]
[Black "Barandiaran, Gabriel"]
[Result "0-1"]
[WhiteElo "2081"]
[BlackElo "1834"]
[Annotator "TA"]
[PlyCount "68"]
[EventDate "2020.02.08"]
[EventType "swiss"]
[EventCountry "URU"]
[SourceTitle "playchess.com"]
[Source "ChessBase"]
[SourceQuality "1"]

{[%evp 22,68,8,6,18,22,59,63,114,67,56,57,62,50,70,70,71,22,18,10,13,0,37,22,34,30,41,-68,-62,-109,-124,-271,-293,-522,-506,-29982,-1035,-941,-925,-29993,-29993,-29994,-29994,-29996,-29997,-29997,-29998,-29998,-29999]} 1. e4 e5 2. Nf3 Nc6 3. Bb5 a6 4. Ba4 Nf6 5. d3 b5 6. Bb3 Be7 7. O-O d6 8. c3 O-O 9. Re1 Na5 10. Bc2 c5 11. Nbd2 Nc6 12. Nf1 Ne8 {C90: Closed Ruy Lopez with 7...d6: Early deviations.} 13. Ne3 g6 14. Nd5 Be6 (14... Nc7 $14) 15. Nxe7+ Qxe7 16. Bh6 Ng7 {[#]} 17. h3 $146 (17. a4 {feels hotter.} b4 18. h3 bxc3 19. bxc3 Rfc8 20. Rc1) ({Predecessor:} 17. Qd2 Rab8 18. Ng5 Bd7 19. f4 f6 20. Nf3 Nd8 21. fxe5 fxe5 22. Bg5 Qe8 23. Bxd8 Qxd8 {½-½ (42) Piechota,J-Blaszczak,C Sopot 1946}) 17... f6 18. d4 {Hoping for d5.} Nd8 19. dxc5 dxc5 20. Be3 Nf7 21. Qb1 b4 22. cxb4 cxb4 23. Nd2 f5 24. f4 (24. exf5 $14 Nxf5 25. Bb3) 24... exf4 $15 25. Bxf4 Nh5 26. exf5 (26. Bh2 $17) 26... Nxf4 $19 27. fxe6 $2 (27. Rxe6 Qg5 28. Qf1 Nxe6 {[%mdl 64] Discovered Attack} 29. fxe6 Qc5+ {[%mdl 64] Double Attack} 30. Qf2 Qxc2 31. exf7+ Rxf7 32. Qd4) 27... Ng5 28. Bb3 {[#]} (28. Kh2 $19 Nfxh3 29. Re5) 28... Ngxh3+ $1 {[%mdl 512]} 29. Kh2 (29. gxh3 Qg5+) 29... Nf2 {( -> ...Qh4+)} 30. Ne4 Qh4+ {Black mates.} 31. Kg1 Ng4 32. e7+ Kh8 33. exf8=Q+ Rxf8 34. Qc2 {[#]} Qh2+ {Played: Nf4-e2} 0-1

[Event "IV Copa Marcel Duchamp 2020"]
[Site "Montevideo"]
[Date "2020.02.14"]
[Round "8.24"]
[White "Suarez, Pedro"]
[Black "Martinez, Carlos Alejandro"]
[Result "1-0"]
[WhiteElo "2063"]
[BlackElo "2503"]
[Annotator "TA"]
[PlyCount "65"]
[EventDate "2020.02.08"]
[EventType "swiss"]
[EventCountry "URU"]
[SourceTitle "playchess.com"]
[Source "ChessBase"]
[SourceQuality "1"]

{[%evp 13,71,42,50,39,59,50,52,50,66,62,70,27,32,43,150,143,504,502,558,551,624,614,615,529,518,516,541,538,533,524,519,468,475,465,569,566,622,605,662,643,664,662,665,654,660,655,697,622,763,725,932,905,1500,1530,1792,1932,2160,2162,2038,1740]} 1. d4 Nf6 2. c4 g6 3. Nc3 d5 4. Bg5 c6 5. e3 Bg7 6. Nf3 O-O 7. Be2 Nbd7 8. O-O {D91: Grünfeld: 4 Nf3 Bg7 5 Bg5.} Re8 9. Rc1 dxc4 10. Bxc4 {White is slightly better.} Nb6 11. Bb3 Nbd5 {[#]} 12. Re1 $146 ({Predecessor:} 12. Nxd5 cxd5 13. Bf4 Bg4 14. Bc7 Qc8 15. h3 Bxf3 16. Qxf3 Qd7 17. Be5 Ne4 18. Rc7 {1-0 (57) Qendro,L (2356)-Ventura,S (2103) Condino 2010}) 12... Nxc3 13. bxc3 Qa5 (13... Ne4 $1 $14) 14. Ne5 $36 {[%mdl 2048] White is really pushing.} e6 $2 {[%mdl 8192] [#]} (14... Be6 $16) 15. Qf3 $18 {White is clearly winning.} Qd8 {Black hopes to continue with ...h6.} 16. Ng4 e5 17. Nxf6+ Bxf6 18. Qxf6 Qxf6 19. Bxf6 e4 20. Rb1 Be6 21. Bxe6 Rxe6 22. Be5 b6 23. Bg3 f5 24. h4 Rd8 25. c4 h6 26. Bf4 Kh7 27. Red1 Re7 28. a4 {[%cal Ba2a4,Ba4a5,Ba5b6][%mdl 32]} Rb7 29. Rd2 Rdd7 30. d5 c5 31. d6 h5 {[#]} 32. a5 $1 Rd8 (32... bxa5 33. Rxb7) 33. Rd5 {Played: Rd2-b2} 1-0

[Event "IV Copa Marcel Duchamp 2020"]
[Site "Montevideo"]
[Date "2020.02.14"]
[Round "8.25"]
[White "Pichuaga, Juan Pablo"]
[Black "Alvarez Ramirez, Miguel Angel"]
[Result "1-0"]
[WhiteElo "2030"]
[BlackElo "2282"]
[Annotator "TA"]
[PlyCount "64"]
[EventDate "2020.02.08"]
[EventType "swiss"]
[EventCountry "URU"]
[SourceTitle "playchess.com"]
[Source "ChessBase"]
[SourceQuality "1"]

{[%evp 9,64,19,27,18,29,29,29,36,31,27,36,39,29,28,67,54,81,79,85,68,74,72,107,85,98,88,106,98,162,184,168,127,127,135,169,177,220,108,384,393,480,454,623,606,648,587,627,616,919,652,844,823,635,586,1133,1127,1102]} 1. d4 Nf6 2. Nf3 e6 3. Bf4 d6 4. e3 Be7 5. h3 Nbd7 6. Be2 {A46: 1 d4 Nf6 2 Nf3 e6: Torre, London and Colle Systems.} Nf8 7. c4 Ng6 8. Bh2 {White has an edge.} O-O {[#]} 9. Nc3 $146 ({Predecessor:} 9. O-O b6 10. Qc2 Bb7 11. Nc3 a6 12. b4 Ra7 13. e4 Qa8 14. d5 Nh5 15. Nd4 {0-1 (56) Kononov,V (2096)-Kabyzhanov,B (2042) Dresden 2015}) 9... b6 10. O-O Bb7 11. d5 exd5 12. cxd5 Nd7 13. Nd4 Bf6 14. Rc1 Bxd4 15. Qxd4 a6 16. Rfd1 Re8 17. Rd2 Nde5 18. Rdc2 c5 (18... f5 $16) 19. dxc6 $1 $18 Bxc6 20. f4 Nd7 21. Qxd6 Re6 22. Qd4 $36 {[%mdl 2048] Hoping for f5. White is on the roll.} Nh4 {[#]} 23. Bg4 (23. e4 $1 $18 {has better winning chances.}) 23... Bxg2 $2 {[%mdl 8192]} (23... f5 $16) 24. Rxg2 Nxg2 25. Kxg2 {White is clearly winning.} Rg6 26. f5 Rf6 27. Rd1 Ra7 28. Be5 Rh6 29. Bf4 g5 30. fxg6 Rxg6 31. Kh2 Qa8 {and the idea ...h5 leaves Black hopeful.} 32. Ne4 Qc6 {Accuracy: White = 80%, Black = 36%.} 1-0